000 02475cam a2200517 i 4500
999 _c65100
_d65100
001 768714001
003 CO-MdFUSB
005 20200528131923.0
007 ta
007 cr aa aaaaa
008 170519t20172017ck a b 000 0 spa d
020 _a9781911372257
_q(pbk.)
020 _a1911372254
_q(pbk.)
020 _a9781911372967
_qElectrònico
040 _aNLE
_beng
_erda
_cCO-MdFUSB
_dOCLCO
_dOCLCF
_dOCLCQ
_dCO-MdFUSB
041 _aspa
_heng
082 _222
_a266
_bF831
100 1 _aFranklin, Kirk,
_eautor.
240 _aTowards Global Missional Leadership : a journey through leadership paradigm shift in the mission of God /
245 1 0 _aHacia un liderazgo misional y global :
_bexplorando un cambio de paradigmas en la misión de Dios.
_c/ Kirk J. Franklin ; con Dave y Deborah Crough ; prefacio por Paul Bendor-Samuel ; traducido por Equipo Alianza Global Wycliffe Américas
_h[Físico y electrónico]
250 _aSegunda edición.
264 1 _aOxford :
_bRegnum,
_c[2018]
264 4 _bAlianza Global Wycliffe Américas,
_c©2017
300 _a188 pages :
_billustrations ;
_c22 cm.
300 _a162 páginas
_c;
336 _atexto
_btxt
_2rdacontent.
336 _atexto
_btxt
_2rdacontent.
337 _asin mediación
_bn
_2rdamedia.
337 _ainformático
_bc
_2rdamedia.
338 _avolumen
_bnc
_2rdacarrier.
338 _aremoto
_bcr
_2rdacarrier.
490 _aRegnum practitioner,
505 _aEl Dios trino y la Missio Dei -- Globalización y glocalización en la Missio Dei. -- Cambios de paradigmas y policentrismo en la Missio Dei -- Amistad y comunidad en la Mssio Dei. -- Practicantes reflexivos y el proceso consultivo en la Missio Dei. -- Generosidad en espíritu y práctica en la Missio Dei. -- Formando una mentalidad misional global.
506 _aPréstamo en biblioteca del libro físico
506 _aSolicitar clave y usuario para acceder al libro electrónico
563 _aRústico.
650 7 _aIglesia
_9655
_xMisiones
650 7 _aIglesia
_9655
650 7 _aTeología pastoral
_9227
700 1 _aCrough, Dave,
_eautor.
700 1 _aCrough, Deborah,
_eautor.
856 _uhttp://search.ebscohost.com/login.aspx?direct=true&scope=site&db=nlebk&db=nlabk&AN=1682365
_b1682365
_zAbrir Versión electrónica del libro acia un liderazgo misional y global : explorando un cambio de paradigmas en la misión de Dios.
942 _cBK
945 _aJTF-925